000 004580000a22001570004500
090 _aAR
_b01906
245 1 0 _aEcology of seed dispersal
650 1 4 _aPatrones de dispersión de semillas
_995364
650 1 4 _aEvolución
_992797
650 1 4 _aEcología
_992250
041 0 _aInglés
700 1 _aSmallwood, Judith
_995365
100 1 _aHowe, Henry F.
_911873
942 _cARTICULO
773 1 _tAnnual Review of Ecology and Systematics
_3205
_h13
_q201-228
_d1982
999 _c10983
_d10983